[Event "Stay Safe Play From Home 330"]
[Site "Mustafa Kemal Atatürk"]
[Date "2020.07.24"]
[Round "2"]
[White "New ton"]
[Black "Schachwerk_64"]
[Result "0-1"]
[WhiteElo "1126"]
[BlackElo "1876"]
[Annotator "NA"]
[PlyCount "56"]
[EventDate "2020.07.24"]
[EventType "swiss (blitz)"]

1. e4 {[%emt 0:00:01]} e5 {[%emt 0:00:02]} 2. Nf3 {[%emt 0:00:01]} Nc6 {[%emt 0:00:01]} 3. d4 {[%emt 0:00:00]} exd4 {[%emt 0:00:02]} 4. Nxd4 {[%emt 0:00:00]} Bb4+ {[%emt 0:00:01]} 5. c3 {[%emt 0:00:04]} Bc5 {[%emt 0:00:05]} 6. Nxc6 {[%emt 0:00:02]} bxc6 {[%emt 0:00:07]} 7. h4 {[%emt 0:00:13]} Nf6 {[%emt 0:00:12]} 8. Bg5 {[%emt 0:00:02]} h6 {[%emt 0:00:01]} 9. Bf4 {[%emt 0:00:02]} Nxe4 {[%emt 0:00:05]} 10. Nd2 {[%emt 0:00:02]} Nxf2 {[%emt 0:00:10]} 11. Qe2+ {[%emt 0:00:04]} Qe7 {[%emt 0:00:01]} 12. Be3 {[%emt 0:00:04]} Qxe3 {[%emt 0:00:07]} 13. Qxe3+ {[%emt 0:00:02]} Bxe3 {[%emt 0:00:01]} 14. Rg1 {[%emt 0:00:02]} Nd3+ {[%emt 0:00:03]} 15. Ke2 {[%emt 0:00:02]} Bxg1 {[%emt 0:00:01]} 16. Kxd3 {[%emt 0:00:00]} Bb6 {[%emt 0:00:03]} 17. Be2 {[%emt 0:00:01]} O-O {[%emt 0:00:01]} 18. Bg4 {[%emt 0:00:01]} d5 {[%emt 0:00:02]} 19. Ne4 {[%emt 0:00:01]} dxe4+ {[%emt 0:00:02]} 20. Kxe4 {[%emt 0:00:01]} Bxg4 {[%emt 0:00:01]} 21. Kd3 {[%emt 0:00:02]} Rfe8 {[%emt 0:00:02]} 22. Rd1 {[%emt 0:00:01]} Rad8+ {[%emt 0:00:03]} 23. Kc2 {[%emt 0:00:01]} Bxd1+ {[%emt 0:00:01]} 24. Kc1 {[%emt 0:00:03]} Be3+ {[%emt 0:00:02]} 25. Kb1 {[%emt 0:00:03]} Bg4 {[%emt 0:00:10]} 26. a4 {[%emt 0:00:02]} Be6 {[%emt 0:00:02]} 27. g3 {[%emt 0:00:01]} Bb3 {[%emt 0:00:01]} 28. Ka1 {[%emt 0:00:03]} Rd1# {[%emt 0:00:01] Mate} 0-1

[Event "Stay Safe Play From Home 330"]
[Site "Mustafa Kemal Atatürk"]
[Date "2020.07.24"]
[Round "3"]
[White "BrainThinker22"]
[Black "Schachwerk_64"]
[Result "1-0"]
[WhiteElo "2147"]
[BlackElo "1877"]
[Annotator "NA"]
[PlyCount "113"]
[EventDate "2020.07.24"]
[EventType "swiss (blitz)"]

1. e4 {[%emt 0:00:01]} e5 {[%emt 0:00:04]} 2. Nf3 {[%emt 0:00:02]} Nc6 {[%emt 0:00:01]} 3. d4 {[%emt 0:00:01]} exd4 {[%emt 0:00:01]} 4. Bc4 {[%emt 0:00:01]} Nf6 {[%emt 0:00:01]} 5. e5 {[%emt 0:00:01]} d5 {[%emt 0:00:01]} 6. Bb5 {[%emt 0:00:01]} Ne4 {[%emt 0:00:01]} 7. Nxd4 {[%emt 0:00:01]} Bd7 {[%emt 0:00:02]} 8. Bxc6 {[%emt 0:00:01]} bxc6 {[%emt 0:00:00]} 9. O-O {[%emt 0:00:01]} Bc5 {[%emt 0:00:00]} 10. Be3 {[%emt 0:00:02]} Qe7 {[%emt 0:00:04]} 11. Re1 {[%emt 0:00:03]} O-O {[%emt 0:00:17]} 12. f3 {[%emt 0:00:06]} Ng5 {[%emt 0:00:01]} 13. f4 {[%emt 0:00:01]} Ne4 {[%emt 0:00:01]} 14. Nd2 {[%emt 0:00:00]} Nxd2 {[%emt 0:00:05]} 15. Qxd2 {[%emt 0:00:00]} Bb6 {[%emt 0:00:09]} 16. Nb3 {[%emt 0:00:06]} Bf5 {[%emt 0:00:12]} 17. c3 {[%emt 0:00:07]} Rad8 {[%emt 0:00:38]} 18. a4 {[%emt 0:00:54]} Qh4 {[%emt 0:01:02]} 19. a5 {[%emt 0:00:14]} Bxe3+ {[%emt 0:00:03]} 20. Qxe3 {[%emt 0:00:00]} f6 {[%emt 0:00:12]} 21. Nd4 {[%emt 0:00:08]} Be4 {[%emt 0:00:08]} 22. Ne6 {[%emt 0:00:39]} Qg4 {[%emt 0:00:07]} 23. Qh3 {[%emt 0:00:03]} Qxh3 {[%emt 0:00:05]} 24. gxh3 {[%emt 0:00:00]} fxe5 {[%emt 0:00:01]} 25. fxe5 {[%emt 0:00:09]} Rde8 {[%emt 0:00:08]} 26. Nxf8 {[%emt 0:00:03]} Kxf8 {[%emt 0:00:03]} 27. Ra4 {[%emt 0:00:35]} Rxe5 {[%emt 0:00:02]} 28. Rb4 {[%emt 0:00:04]} Rg5+ {[%emt 0:00:18]} 29. Kf1 {[%emt 0:00:03]} a6 {[%emt 0:00:04]} 30. Rb7 {[%emt 0:00:07]} Rf5+ {[%emt 0:00:03]} 31. Ke2 {[%emt 0:00:05]} Rg5 {[%emt 0:00:04]} 32. Rf1+ {[%emt 0:00:04]} Ke7 {[%emt 0:00:02]} 33. Rxc7+ {[%emt 0:00:02]} Kd6 {[%emt 0:00:01]} 34. Ra7 {[%emt 0:00:02]} Rg2+ {[%emt 0:00:03]} 35. Rf2 {[%emt 0:00:01]} Rg1 {[%emt 0:00:01]} 36. Rxa6 {[%emt 0:00:05]} Rb1 {[%emt 0:00:01]} 37. b4 {[%emt 0:00:03]} Rb2+ {[%emt 0:00:01]} 38. Ke3 {[%emt 0:00:01]} Rb3 {[%emt 0:00:01]} 39. Kd4 {[%emt 0:00:03]} Rb1 {[%emt 0:00:01]} 40. Rd2 {[%emt 0:00:11]} Rb3 {[%emt 0:00:07]} 41. Rb6 {[%emt 0:00:06]} Bf5 {[%emt 0:00:02]} 42. b5 {[%emt 0:00:04]} Rxb5 {[%emt 0:00:06]} 43. Rxb5 {[%emt 0:00:01]} cxb5 {[%emt 0:00:00]} 44. Rb2 {[%emt 0:00:01]} Kc6 {[%emt 0:00:01]} 45. a6 {[%emt 0:00:00]} Kb6 {[%emt 0:00:01]} 46. a7 {[%emt 0:00:00]} Kxa7 {[%emt 0:00:01]} 47. Rxb5 {[%emt 0:00:00]} Be4 {[%emt 0:00:01]} 48. c4 {[%emt 0:00:05]} Bg2 {[%emt 0:00:03]} 49. cxd5 {[%emt 0:00:09]} Bxh3 {[%emt 0:00:01]} 50. d6 {[%emt 0:00:01]} Ka6 {[%emt 0:00:01]} 51. Rg5 {[%emt 0:00:01]} Kb6 {[%emt 0:00:02]} 52. Rxg7 {[%emt 0:00:01]} Kc6 {[%emt 0:00:00]} 53. Rxh7 {[%emt 0:00:01]} Bg2 {[%emt 0:00:03]} 54. Ke5 {[%emt 0:00:01]} Bf1 {[%emt 0:00:02]} 55. Ke6 {[%emt 0:00:01]} Bd3 {[%emt 0:00:01]} 56. Ke7 {[%emt 0:00:06]} Bxh7 {[%emt 0:00:04]} 57. d7 {[%emt 0:00:01] Schachwerk_64 gibt auf (Lag: Av=0.45s, max=1.1s)} 1-0

[Event "Stay Safe Play From Home 330"]
[Site "Mustafa Kemal Atatürk"]
[Date "2020.07.24"]
[Round "3"]
[White "Dukic"]
[Black "SelamiSahin"]
[Result "0-1"]
[WhiteElo "1980"]
[BlackElo "1620"]
[PlyCount "94"]
[EventDate "2020.07.24"]
[EventType "swiss (blitz)"]

1. c4 {[%emt 0:00:07]} b6 {[%emt 0:00:05]} 2. Nc3 {[%emt 0:00:03]} c5 {[%emt 0:00:01]} 3. Nf3 {[%emt 0:00:05]} Bb7 {[%emt 0:00:05]} 4. d4 {[%emt 0:00:03]} cxd4 {[%emt 0:00:03]} 5. Nxd4 {[%emt 0:00:02]} Nf6 {[%emt 0:00:02]} 6. Nc2 {[%emt 0:00:04]} d6 {[%emt 0:00:06]} 7. f3 {[%emt 0:00:02]} Nbd7 {[%emt 0:00:03]} 8. e4 {[%emt 0:00:01]} e6 {[%emt 0:00:05]} 9. Bf4 {[%emt 0:00:01]} Ne5 {[%emt 0:00:04]} 10. Qd2 {[%emt 0:00:03]} a6 {[%emt 0:00:06]} 11. Rd1 {[%emt 0:00:03]} Qc7 {[%emt 0:00:03]} 12. Qd4 {[%emt 0:00:45]} Be7 {[%emt 0:00:02]} 13. Be3 {[%emt 0:00:05]} Rc8 {[%emt 0:00:07]} 14. Na3 {[%emt 0:00:09]} Ned7 {[%emt 0:00:04]} 15. Be2 {[%emt 0:00:09]} O-O {[%emt 0:00:01]} 16. O-O {[%emt 0:00:02]} Ba8 {[%emt 0:00:08]} 17. Na4 {[%emt 0:00:09]} Nc5 {[%emt 0:00:06]} 18. Nc3 {[%emt 0:00:05]} Rfd8 {[%emt 0:00:04]} 19. b4 {[%emt 0:00:02]} Ncd7 {[%emt 0:00:11]} 20. Na4 {[%emt 0:00:05]} Rb8 {[%emt 0:00:01]} 21. Rb1 {[%emt 0:00:04]} Bc6 {[%emt 0:00:11]} 22. b5 {[%emt 0:00:08]} axb5 {[%emt 0:00:03]} 23. cxb5 {[%emt 0:00:01]} Ba8 {[%emt 0:00:03]} 24. Rfc1 {[%emt 0:00:01]} Qa7 {[%emt 0:00:08]} 25. Nc2 {[%emt 0:00:13]} Nc5 {[%emt 0:00:03]} 26. Nc3 {[%emt 0:00:07]} d5 {[%emt 0:00:06]} 27. e5 {[%emt 0:00:02]} Nfd7 {[%emt 0:00:03]} 28. Nb4 {[%emt 0:00:04]} Rbc8 {[%emt 0:00:06]} 29. a4 {[%emt 0:00:14]} h6 {[%emt 0:00:12]} 30. f4 {[%emt 0:00:08]} Nb8 {[%emt 0:00:05]} 31. Qd2 {[%emt 0:00:05]} d4 {[%emt 0:00:03]} 32. Bxd4 {[%emt 0:00:02]} Nxa4 {[%emt 0:00:02]} 33. Nxa4 {[%emt 0:00:03]} Rxc1+ {[%emt 0:00:10]} 34. Rxc1 {[%emt 0:00:04]} Qxa4 {[%emt 0:00:03]} 35. Nc6 {[%emt 0:00:03]} Nxc6 {[%emt 0:00:04]} 36. bxc6 {[%emt 0:00:02]} Rxd4 {[%emt 0:00:08]} 37. c7 {[%emt 0:00:05]} Rxd2 {[%emt 0:00:04]} 38. c8=Q+ {[%emt 0:00:01]} Kh7 {[%emt 0:00:14]} 39. Bf1 {[%emt 0:00:03]} Bc5+ {[%emt 0:00:03]} 40. Kh1 {[%emt 0:00:02]} Rd1 {[%emt 0:00:01]} 41. Rxd1 {[%emt 0:00:03]} Qxd1 {[%emt 0:00:00]} 42. Qa6 {[%emt 0:00:32]} Qd4 {[%emt 0:00:01]} 43. Qd3+ {[%emt 0:00:09]} Qxd3 {[%emt 0:00:06]} 44. Bxd3+ {[%emt 0:00:01]} g6 {[%emt 0:00:00]} 45. h3 {[%emt 0:00:03]} Bc6 {[%emt 0:00:03]} 46. f5 {[%emt 0:00:00]} gxf5 {[%emt 0:00:01]} 47. Bxf5+ {[%emt 0:00:02]} exf5 {[%emt 0:00:01] Dukic gibt auf (Lag: Av=0.49s, max=0.7s)} 0-1

[Event "Stay Safe Play From Home 330"]
[Site "Mustafa Kemal Atatürk"]
[Date "2020.07.24"]
[Round "3"]
[White "Edmatuag"]
[Black "Lazieri3"]
[Result "1/2-1/2"]
[WhiteElo "1812"]
[BlackElo "2064"]
[PlyCount "80"]
[EventDate "2020.07.24"]
[EventType "swiss (blitz)"]

1. e4 {[%emt 0:00:01]} c6 {[%emt 0:00:01]} 2. d4 {[%emt 0:00:02]} d5 {[%emt 0:00:00]} 3. e5 {[%emt 0:00:02]} Bf5 {[%emt 0:00:01]} 4. Nf3 {[%emt 0:00:01]} e6 {[%emt 0:00:01]} 5. Be2 {[%emt 0:00:01]} h6 {[%emt 0:00:01]} 6. O-O {[%emt 0:00:01]} c5 {[%emt 0:00:00]} 7. Be3 {[%emt 0:00:01]} Nd7 {[%emt 0:00:02]} 8. c3 {[%emt 0:00:02]} Bxb1 {[%emt 0:00:02]} 9. Rxb1 {[%emt 0:00:04]} cxd4 {[%emt 0:00:01]} 10. cxd4 {[%emt 0:00:02]} Bb4 {[%emt 0:00:00]} 11. a3 {[%emt 0:00:02]} Ba5 {[%emt 0:00:01]} 12. b4 {[%emt 0:00:02]} Bb6 {[%emt 0:00:01]} 13. Qa4 {[%emt 0:00:01]} Ne7 {[%emt 0:00:02]} 14. Bb5 {[%emt 0:00:01]} a6 {[%emt 0:00:02]} 15. Bd3 {[%emt 0:00:08]} O-O {[%emt 0:00:02]} 16. Rbc1 {[%emt 0:00:01]} Rc8 {[%emt 0:00:02]} 17. Rc2 {[%emt 0:00:03]} Rxc2 {[%emt 0:00:01]} 18. Qxc2 {[%emt 0:00:00]} Qc7 {[%emt 0:00:03]} 19. Qe2 {[%emt 0:00:05]} Rc8 {[%emt 0:00:03]} 20. Rc1 {[%emt 0:00:04]} Qxc1+ {[%emt 0:00:36]} 21. Bxc1 {[%emt 0:00:00]} Rxc1+ {[%emt 0:00:01]} 22. Ne1 {[%emt 0:00:00]} Bxd4 {[%emt 0:00:01]} 23. Qd2 {[%emt 0:00:08]} Ra1 {[%emt 0:00:03]} 24. Kf1 {[%emt 0:00:07]} Nxe5 {[%emt 0:00:12]} 25. Ke2 {[%emt 0:00:07]} Nxd3 {[%emt 0:00:21]} 26. Nxd3 {[%emt 0:00:08]} Rxa3 {[%emt 0:00:08]} 27. Nc5 {[%emt 0:00:08]} Bc3 {[%emt 0:00:36]} 28. Qf4 {[%emt 0:00:16]} Nc6 {[%emt 0:00:18]} 29. Nd3 {[%emt 0:00:39]} Nd4+ {[%emt 0:00:32]} 30. Ke3 {[%emt 0:00:12]} Ra2 {[%emt 0:00:16]} 31. Qb8+ {[%emt 0:00:12]} Kh7 {[%emt 0:00:02]} 32. Qxb7 {[%emt 0:00:08]} Re2+ {[%emt 0:00:04]} 33. Kf4 {[%emt 0:00:01]} Re4+ {[%emt 0:00:03]} 34. Kg3 {[%emt 0:00:02]} Nf5+ {[%emt 0:00:02]} 35. Kf3 {[%emt 0:00:04]} Nd4+ {[%emt 0:00:05]} 36. Kg3 {[%emt 0:00:01]} Ne2+ {[%emt 0:00:21]} 37. Kf3 {[%emt 0:00:06]} Ng1+ {[%emt 0:00:02]} 38. Kg3 {[%emt 0:00:04]} Ne2+ {[%emt 0:00:06]} 39. Kh3 {[%emt 0:00:06]} Ng1+ {[%emt 0:00:01]} 40. Kg3 {[%emt 0:00:02]} Ne2+ {[%emt 0:00:01] (Lag: Av=0.77s, max=1.2s)} 1/2-1/2

[Event "Stay Safe Play From Home 330"]
[Site "Mustafa Kemal Atatürk"]
[Date "2020.07.24"]
[Round "3"]
[White "Timbre"]
[Black "Ionelluca"]
[Result "0-1"]
[WhiteElo "1643"]
[BlackElo "1995"]
[PlyCount "124"]
[EventDate "2020.07.24"]
[EventType "swiss (blitz)"]

1. d4 {[%emt 0:00:17]} Nf6 {[%emt 0:00:01]} 2. Nf3 {[%emt 0:00:01]} b6 {[%emt 0:00:01]} 3. c3 {[%emt 0:00:01]} Bb7 {[%emt 0:00:01]} 4. Bf4 {[%emt 0:00:01]} g6 {[%emt 0:00:01]} 5. e3 {[%emt 0:00:01]} Bg7 {[%emt 0:00:01]} 6. Be2 {[%emt 0:00:01]} d6 {[%emt 0:00:01]} 7. Nbd2 {[%emt 0:00:01]} Nbd7 {[%emt 0:00:01]} 8. O-O {[%emt 0:00:02]} O-O {[%emt 0:00:01]} 9. h3 {[%emt 0:00:02]} Re8 {[%emt 0:00:01]} 10. a3 {[%emt 0:00:03]} e5 {[%emt 0:00:01]} 11. dxe5 {[%emt 0:00:02]} dxe5 {[%emt 0:00:01]} 12. Bg3 {[%emt 0:00:01]} Qe7 {[%emt 0:00:02]} 13. Qc2 {[%emt 0:00:03]} Rad8 {[%emt 0:00:02]} 14. Rad1 {[%emt 0:00:03]} a6 {[%emt 0:00:09]} 15. Qb3 {[%emt 0:00:03]} Nc5 {[%emt 0:00:09]} 16. Qc2 {[%emt 0:00:02]} Nfe4 {[%emt 0:00:02]} 17. Nxe4 {[%emt 0:00:03]} Nxe4 {[%emt 0:00:03]} 18. Rxd8 {[%emt 0:00:04]} Rxd8 {[%emt 0:00:12]} 19. Rd1 {[%emt 0:00:02]} Nxg3 {[%emt 0:00:06]} 20. fxg3 {[%emt 0:00:02]} Re8 {[%emt 0:00:08]} 21. Kh2 {[%emt 0:00:05]} f5 {[%emt 0:00:05]} 22. Bc4+ {[%emt 0:00:10]} Kh8 {[%emt 0:00:02]} 23. Qe2 {[%emt 0:00:06]} b5 {[%emt 0:00:02]} 24. Bd5 {[%emt 0:00:03]} c6 {[%emt 0:00:05]} 25. Ba2 {[%emt 0:00:06]} Bf6 {[%emt 0:00:05]} 26. Bb1 {[%emt 0:00:07]} Rd8 {[%emt 0:00:02]} 27. Rxd8+ {[%emt 0:00:03]} Qxd8 {[%emt 0:00:01]} 28. Qc2 {[%emt 0:00:03]} c5 {[%emt 0:00:05]} 29. b4 {[%emt 0:00:03]} Be4 {[%emt 0:00:02]} 30. Qb2 {[%emt 0:00:04]} cxb4 {[%emt 0:00:13]} 31. cxb4 {[%emt 0:00:04]} Bxb1 {[%emt 0:00:03]} 32. Qxb1 {[%emt 0:00:02]} e4 {[%emt 0:00:03]} 33. Nd4 {[%emt 0:00:11]} Bxd4 {[%emt 0:00:01]} 34. exd4 {[%emt 0:00:01]} Qxd4 {[%emt 0:00:02]} 35. Qc2 {[%emt 0:00:01]} Qd6 {[%emt 0:00:12]} 36. h4 {[%emt 0:00:04]} Kg8 {[%emt 0:00:06]} 37. Qc8+ {[%emt 0:00:03]} Kg7 {[%emt 0:00:02]} 38. Qb7+ {[%emt 0:00:02]} Kg8 {[%emt 0:00:05]} 39. Qc8+ {[%emt 0:00:02]} Kf7 {[%emt 0:00:01]} 40. Qb7+ {[%emt 0:00:02]} Qe7 {[%emt 0:00:01]} 41. Qd5+ {[%emt 0:00:07]} Kf6 {[%emt 0:00:04]} 42. Qd4+ {[%emt 0:00:04]} Qe5 {[%emt 0:00:02]} 43. Qd8+ {[%emt 0:00:03]} Qe7 {[%emt 0:00:03]} 44. Qd4+ {[%emt 0:00:03]} Kf7 {[%emt 0:00:02]} 45. Qd5+ {[%emt 0:00:01]} Qe6 {[%emt 0:00:01]} 46. Qb7+ {[%emt 0:00:02]} Kf6 {[%emt 0:00:01]} 47. Qb8 {[%emt 0:00:07]} e3 {[%emt 0:00:02]} 48. Qd8+ {[%emt 0:00:02]} Ke5 {[%emt 0:00:01]} 49. Qc7+ {[%emt 0:00:09]} Qd6 {[%emt 0:00:01]} 50. Qc3+ {[%emt 0:00:06]} Qd4 {[%emt 0:00:01]} 51. Qc7+ {[%emt 0:00:02]} Ke4 {[%emt 0:00:01]} 52. Qf4+ {[%emt 0:00:09]} Kd3 {[%emt 0:00:02]} 53. Qf1+ {[%emt 0:00:02]} e2 {[%emt 0:00:01]} 54. Qf3+ {[%emt 0:00:02]} Kd2 {[%emt 0:00:02]} 55. Qb3 {[%emt 0:00:08]} e1=Q {[%emt 0:00:02]} 56. Qa2+ {[%emt 0:00:02]} Kd3 {[%emt 0:00:05]} 57. Qb3+ {[%emt 0:00:03]} Qec3 {[%emt 0:00:02]} 58. Qd1+ {[%emt 0:00:02]} Qd2 {[%emt 0:00:01]} 59. Qb3+ {[%emt 0:00:02]} Q4c3 {[%emt 0:00:02]} 60. Qb1+ {[%emt 0:00:06]} Qcc2 {[%emt 0:00:03]} 61. Qf1+ {[%emt 0:00:02]} Qe2 {[%emt 0:00:01]} 62. Qf4 {[%emt 0:00:03]} Qxg2# {[%emt 0:00:02] (Lag: Av=0.40s, max=0.8s)} 0-1

[Event "Stay Safe Play From Home 330"]
[Site "Mustafa Kemal Atatürk"]
[Date "2020.07.24"]
[Round "3"]
[White "Kongle"]
[Black "Arimurakami"]
[Result "1-0"]
[WhiteElo "1630"]
[BlackElo "1145"]
[Annotator "NA"]
[PlyCount "49"]
[EventDate "2020.07.24"]
[EventType "swiss (blitz)"]
[TimeControl "180+2"]

1. e4 {[%emt 0:00:11]} e5 {[%emt 0:00:03]} 2. Nf3 {[%emt 0:00:01]} Nc6 {[%emt 0:00:02]} 3. Bc4 {[%emt 0:00:01]} Nf6 {[%emt 0:00:08]} 4. Nc3 {[%emt 0:00:03]} a6 {[%emt 0:00:05]} 5. d3 {[%emt 0:00:02]} b5 {[%emt 0:00:03]} 6. Bb3 {[%emt 0:00:01]} Bd6 {[%emt 0:00:05]} 7. Bg5 {[%emt 0:00:02]} h6 {[%emt 0:00:03]} 8. Bh4 {[%emt 0:00:02]} Be7 {[%emt 0:00:09]} 9. a4 {[%emt 0:00:05]} Bb7 {[%emt 0:00:15]} 10. axb5 {[%emt 0:00:03]} axb5 {[%emt 0:00:04]} 11. Rxa8 {[%emt 0:00:01]} Bxa8 {[%emt 0:00:04]} 12. Nxb5 {[%emt 0:00:01]} g5 {[%emt 0:00:13]} 13. Bg3 {[%emt 0:00:04]} Qb8 {[%emt 0:00:25]} 14. Qa1 {[%emt 0:00:07]} O-O {[%emt 0:00:13]} 15. Nc3 {[%emt 0:00:15]} Qb6 {[%emt 0:00:26]} 16. Nxe5 {[%emt 0:00:15]} Nxe5 {[%emt 0:00:08]} 17. Bxe5 {[%emt 0:00:02]} Ng4 {[%emt 0:00:02]} 18. Bg3 {[%emt 0:00:11]} Kh8 {[%emt 0:00:15]} 19. O-O {[%emt 0:00:04]} f5 {[%emt 0:00:06]} 20. exf5 {[%emt 0:00:15]} Qc6 {[%emt 0:00:05]} 21. Bd5 {[%emt 0:00:04]} Qc5 {[%emt 0:00:22]} 22. Bxa8 {[%emt 0:00:05]} c6 {[%emt 0:00:04]} 23. b4 {[%emt 0:00:11]} Qxf5 {[%emt 0:00:03]} 24. Nd5+ {[%emt 0:00:08]} Nf6 {[%emt 0:00:20]} 25. Nxe7 {[%emt 0:00:03] TimeB} 1-0

[Event "Stay Safe Play From Home 330"]
[Site "Mustafa Kemal Atatürk"]
[Date "2020.07.24"]
[Round "3"]
[White "New ton"]
[Black "Klasman"]
[Result "0-1"]
[WhiteElo "1126"]
[BlackElo "1598"]
[Annotator "NA"]
[PlyCount "76"]
[EventDate "2020.07.24"]
[EventType "swiss (blitz)"]

1. e4 {[%emt 0:00:02]} f5 {[%emt 0:00:01]} 2. exf5 {[%emt 0:00:02]} Nf6 {[%emt 0:00:01]} 3. Nf3 {[%emt 0:00:01]} d5 {[%emt 0:00:01]} 4. Bb5+ {[%emt 0:00:01]} c6 {[%emt 0:00:02]} 5. Ba4 {[%emt 0:00:04]} a5 {[%emt 0:00:01]} 6. Nc3 {[%emt 0:00:02]} b5 {[%emt 0:00:01]} 7. Bb3 {[%emt 0:00:03]} a4 {[%emt 0:00:01]} 8. Nxa4 {[%emt 0:00:03]} bxa4 {[%emt 0:00:01]} 9. Bxd5 {[%emt 0:00:02]} cxd5 {[%emt 0:00:05]} 10. d3 {[%emt 0:00:01]} Bxf5 {[%emt 0:00:01]} 11. Bg5 {[%emt 0:00:01]} Nbd7 {[%emt 0:00:02]} 12. Nd4 {[%emt 0:00:02]} Bg6 {[%emt 0:00:05]} 13. Qf3 {[%emt 0:00:04]} e5 {[%emt 0:00:08]} 14. Ne6 {[%emt 0:00:04]} Qb6 {[%emt 0:00:16]} 15. Nf4 {[%emt 0:00:09]} exf4 {[%emt 0:00:04]} 16. Bxf4 {[%emt 0:00:02]} Qxb2 {[%emt 0:00:03]} 17. O-O {[%emt 0:00:02]} Qxc2 {[%emt 0:00:13]} 18. Rfe1+ {[%emt 0:00:02]} Kf7 {[%emt 0:00:06]} 19. Rac1 {[%emt 0:00:05]} Qxd3 {[%emt 0:00:02]} 20. Qxd3 {[%emt 0:00:10]} Bxd3 {[%emt 0:00:02]} 21. Red1 {[%emt 0:00:04]} Bc4 {[%emt 0:00:01]} 22. Bc7 {[%emt 0:00:05]} Bxa2 {[%emt 0:00:05]} 23. Ra1 {[%emt 0:00:04]} Bc4 {[%emt 0:00:01]} 24. Re1 {[%emt 0:00:04]} a3 {[%emt 0:00:02]} 25. Re3 {[%emt 0:00:01]} a2 {[%emt 0:00:01]} 26. Rc3 {[%emt 0:00:03]} Bc5 {[%emt 0:00:05]} 27. h3 {[%emt 0:00:02]} Bd4 {[%emt 0:00:01]} 28. Rcc1 {[%emt 0:00:02]} Bxa1 {[%emt 0:00:01]} 29. Rxa1 {[%emt 0:00:01]} Rhc8 {[%emt 0:00:03]} 30. Be5 {[%emt 0:00:04]} Nxe5 {[%emt 0:00:03]} 31. f4 {[%emt 0:00:01]} Nd3 {[%emt 0:00:02]} 32. g3 {[%emt 0:00:01]} Rcb8 {[%emt 0:00:01]} 33. Kg2 {[%emt 0:00:01]} Rb1 {[%emt 0:00:04]} 34. Kf3 {[%emt 0:00:00]} Rxa1 {[%emt 0:00:02]} 35. f5 {[%emt 0:00:01]} Rf1+ {[%emt 0:00:03]} 36. Ke3 {[%emt 0:00:02]} a1=Q {[%emt 0:00:02]} 37. g4 {[%emt 0:00:00]} d4+ {[%emt 0:00:03]} 38. Ke2 {[%emt 0:00:03]} Rf2# {[%emt 0:00:03] Mate} 0-1

[Event "Stay Safe Play From Home 330"]
[Site "Mustafa Kemal Atatürk"]
[Date "2020.07.24"]
[Round "4"]
[White "Haxhi Baha"]
[Black "Dukic"]
[Result "1-0"]
[WhiteElo "2008"]
[BlackElo "1950"]
[Annotator "NA"]
[PlyCount "67"]
[EventDate "2020.07.24"]
[EventType "swiss (blitz)"]

1. e4 {[%emt 0:00:05]} c5 {[%emt 0:00:02]} 2. Nf3 {[%emt 0:00:01]} e6 {[%emt 0:00:01]} 3. d4 {[%emt 0:00:00]} cxd4 {[%emt 0:00:02]} 4. Nxd4 {[%emt 0:00:00]} a6 {[%emt 0:00:01]} 5. a3 {[%emt 0:00:04]} Qc7 {[%emt 0:00:02]} 6. Nc3 {[%emt 0:00:01]} b5 {[%emt 0:00:01]} 7. f4 {[%emt 0:00:01]} Bb7 {[%emt 0:00:01]} 8. Bd3 {[%emt 0:00:01]} Bc5 {[%emt 0:00:04]} 9. Nb3 {[%emt 0:00:01]} Bb6 {[%emt 0:00:03]} 10. Qg4 {[%emt 0:00:03]} g6 {[%emt 0:00:22]} 11. f5 {[%emt 0:00:04]} Nf6 {[%emt 0:00:08]} 12. Qh4 {[%emt 0:00:06]} Nh5 {[%emt 0:00:15]} 13. Bh6 {[%emt 0:00:18]} Nc6 {[%emt 0:00:08]} 14. O-O-O {[%emt 0:00:04]} Qe5 {[%emt 0:00:14]} 15. Rhf1 {[%emt 0:00:25]} Qf6 {[%emt 0:01:05]} 16. Bg5 {[%emt 0:00:09]} Be3+ {[%emt 0:00:02]} 17. Kb1 {[%emt 0:00:21]} Bxg5 {[%emt 0:00:03]} 18. Qg4 {[%emt 0:00:13]} Qe7 {[%emt 0:00:11]} 19. fxe6 {[%emt 0:00:24]} dxe6 {[%emt 0:00:03]} 20. e5 {[%emt 0:00:07]} Nxe5 {[%emt 0:00:05]} 21. Qd4 {[%emt 0:00:03]} f6 {[%emt 0:00:12]} 22. g4 {[%emt 0:00:21]} Rd8 {[%emt 0:00:16]} 23. Qg1 {[%emt 0:00:13]} Nf4 {[%emt 0:00:07]} 24. h4 {[%emt 0:00:12]} Bh6 {[%emt 0:00:10]} 25. g5 {[%emt 0:00:05]} fxg5 {[%emt 0:00:01]} 26. hxg5 {[%emt 0:00:07]} Bxg5 {[%emt 0:00:02]} 27. Nc5 {[%emt 0:00:12]} Nexd3 {[%emt 0:00:09]} 28. Nxd3 {[%emt 0:00:02]} Nxd3 {[%emt 0:00:02]} 29. cxd3 {[%emt 0:00:01]} Rf8 {[%emt 0:00:03]} 30. Rxf8+ {[%emt 0:00:08]} Kxf8 {[%emt 0:00:02]} 31. Qh2 {[%emt 0:00:02]} Kg7 {[%emt 0:00:02]} 32. Rg1 {[%emt 0:00:03]} Bf6 {[%emt 0:00:03]} 33. Ne2 {[%emt 0:00:03]} Rxd3 {[%emt 0:00:03]} 34. Nf4 {[%emt 0:00:01] Zeit (Lag: Av=0.58s, max=2.2s)} 1-0

[Event "Stay Safe Play From Home 330"]
[Site "Mustafa Kemal Atatürk"]
[Date "2020.07.24"]
[Round "4"]
[White "SelamiSahin"]
[Black "BrainThinker22"]
[Result "1-0"]
[WhiteElo "2005"]
[BlackElo "2153"]
[Annotator "NA"]
[PlyCount "71"]
[EventDate "2020.07.24"]
[EventType "swiss (blitz)"]

1. d4 {[%emt 0:00:02]} d5 {[%emt 0:00:04]} 2. c4 {[%emt 0:00:01]} e6 {[%emt 0:00:01]} 3. Nc3 {[%emt 0:00:02]} c5 {[%emt 0:00:03]} 4. e3 {[%emt 0:00:02]} Nf6 {[%emt 0:00:02]} 5. Nf3 {[%emt 0:00:05]} Nc6 {[%emt 0:00:02]} 6. Be2 {[%emt 0:00:08]} Be7 {[%emt 0:00:05]} 7. O-O {[%emt 0:00:03]} O-O {[%emt 0:00:01]} 8. dxc5 {[%emt 0:00:05]} Bxc5 {[%emt 0:00:03]} 9. cxd5 {[%emt 0:00:03]} exd5 {[%emt 0:00:00]} 10. b3 {[%emt 0:00:05]} d4 {[%emt 0:00:05]} 11. Na4 {[%emt 0:00:04]} Bb6 {[%emt 0:00:17]} 12. Nxb6 {[%emt 0:00:05]} Qxb6 {[%emt 0:00:03]} 13. Nxd4 {[%emt 0:00:01]} Rd8 {[%emt 0:00:06]} 14. Bb2 {[%emt 0:00:01]} Ne5 {[%emt 0:00:37]} 15. Rc1 {[%emt 0:00:06]} Be6 {[%emt 0:00:33]} 16. h3 {[%emt 0:00:06]} Bd5 {[%emt 0:00:20]} 17. Qd2 {[%emt 0:00:07]} Ne4 {[%emt 0:00:05]} 18. Qc2 {[%emt 0:00:01]} Qg6 {[%emt 0:00:16]} 19. Nf3 {[%emt 0:00:09]} Nd2 {[%emt 0:00:37]} 20. Qxg6 {[%emt 0:00:06]} Ndxf3+ {[%emt 0:00:02]} 21. Bxf3 {[%emt 0:00:13]} Nxf3+ {[%emt 0:00:04] BrainThinker22 offers a draw} 22. gxf3 {[%emt 0:00:06]} hxg6 {[%emt 0:00:01]} 23. Kg2 {[%emt 0:00:06]} Bc6 {[%emt 0:00:04]} 24. Rfd1 {[%emt 0:00:05]} f6 {[%emt 0:00:02]} 25. Kg3 {[%emt 0:00:04]} Kf7 {[%emt 0:00:01]} 26. f4 {[%emt 0:00:05]} Ke6 {[%emt 0:00:05]} 27. Rd4 {[%emt 0:00:04]} Rxd4 {[%emt 0:00:06]} 28. Bxd4 {[%emt 0:00:00]} a6 {[%emt 0:00:01]} 29. h4 {[%emt 0:00:13]} Rd8 {[%emt 0:00:03]} 30. a4 {[%emt 0:00:07]} Rd5 {[%emt 0:00:04] BrainThinker22 offers a draw} 31. f3 {[%emt 0:00:07]} Rd8 {[%emt 0:00:02]} 32. a5 {[%emt 0:00:03]} Rc8 {[%emt 0:00:01]} 33. Bb6 {[%emt 0:00:04]} Bd7 {[%emt 0:00:01]} 34. Rd1 {[%emt 0:00:02]} Rc6 {[%emt 0:00:02]} 35. e4 {[%emt 0:00:05]} Rd6 {[%emt 0:00:01]} 36. f5+ {[%emt 0:00:06] BrainThinker22 resigns (Lag: Av=0.62s, max=1.3s)} 1-0